World trade with services in globalisation processes
Služby sa stali v posledných rokoch významným účastníkom medzinárodných ekonomických vzťahov. Pretože sektor služieb sa skôr uplatňoval v národnom merítku, hovoríme o procese internacionalizácie služieb, ktoré sa stávajú dôležitým artiklom medzinárodného obchodu. Podiel služieb na svetovom obchodno...
Saved in:
| Main Author: | |
|---|---|
| Format: | Book Chapter |
| Language: | English |
| Subjects: | |
| Tags: |
No Tags, Be the first to tag this record!
|
MARC
| LEADER | 00000naa$a2200000$$$4500 | ||
|---|---|---|---|
| 001 | 0054587 | ||
| 005 | 20231128141221.5 | ||
| 041 | 0 | |a eng | |
| 044 | |a CZ | ||
| 245 | 1 | 0 | |a World trade with services in globalisation processes |c Vladimír Jeníček |
| 520 | |a Služby sa stali v posledných rokoch významným účastníkom medzinárodných ekonomických vzťahov. Pretože sektor služieb sa skôr uplatňoval v národnom merítku, hovoríme o procese internacionalizácie služieb, ktoré sa stávajú dôležitým artiklom medzinárodného obchodu. Podiel služieb na svetovom obchodnom obrate sa stále zvyšuje. | ||
| 610 | 2 | 0 | |a obchod svetový |
| 610 | 2 | 0 | |a služby |
| 610 | 2 | 0 | |a sektor terciárny |
| 610 | 2 | 0 | |a globalizácia |
| 100 | 1 | |a Jeníček, Vladimír | |